00918nam a22002411a 450000100060000000300080000600500170001400800410003103500190007204000530009104100080014408200290015210000310018124501110021225000150032326000620033830000280040050000190042865000540044794200120050199900170051395201460053047150BD-RjUL20211209054251.0140518r19651971enkab 001 0 eng d a(BD-RjUL)47269 aDLCcODaWUdOCoLCdUkdIRoRVCdDLCdBD-RjULbeng aeng00a305.5122095482bBEC 197110aBéteille, André 9815410aCaste, class, and power :bchanging patterns of stratification in a Tanjore village /c André Béteille aLondon ed. aLondon :b University of California Press,cc1965 [1991] a238 p. :bill. c24 cm. aIncludes Index aCaste zIndia xThanjāvūr (District)9145174 2ddccBK c47150d47150 00102ddc40708NFICaRUCLbRUCLcStackd2002-12-06eRU. Sirajul Islaml0o305.5122095482 BEC 1971r2016-08-07 00:00:00tC-2w2021-12-09yBK